[Event "II Criciúma Chess Open - A1700 - 12-18"]
[Site "Criciúma SC"]
[Date "2024.01.13"]
[Round "2.14"]
[White "Librelato, Kathie Goulart"]
[Black "Borger, David Lupovici"]
[Result "1-0"]
[WhiteElo "2170"]
[BlackElo "1899"]
[PlyCount "81"]
[EventDate "2024.01.12"]
[EventRounds "9"]
[EventCountry "BRA"]

1. e4 c5 2. Nf3 Nc6 3. d4 cxd4 4. Nxd4 e5 5. Nb5 d6 6. c4 Be7 7. N5c3 Nf6 8.
Be2 ({RR} 8. Bd3 Nd7 9. Nd5 Nc5 10. Nxe7 Qxe7 11. Nc3 f5 12. exf5 O-O 13. Bb1
Bxf5 14. Bxf5 Rxf5 15. O-O Nd4 16. Ne2 Qh4 17. Ng3 Rf6 18. Be3 Raf8 19. Qh5
Qxh5 20. Nxh5 Re6 21. Rad1 Nf5 22. Rfe1 Nxe3) 8... Be6 9. O-O O-O 10. Be3 ({RR
} 10. Na3 a6 11. Be3 Nd7 12. Qd2 Qb8 13. Nd5 Rd8 14. Nxe7+ Nxe7 15. Rfd1 Nc5
16. f3 Qc7 17. b4 Na4 18. Rac1 Rac8 19. Qc2 b5 20. Qb1 h6 21. Bf2 f5 22. exf5
Nxf5 23. Rd2 d5) 10... Rc8 ({RR} 10... Kh8 11. Nd2 Nd7 12. Nd5 Bg5 13. Nf3 Bxe3
14. fxe3 Nc5 15. Nc3 f5 16. exf5 Bxf5 17. Qd2 Bg6 18. Rad1 Rf6 19. b4 Nxb4 20.
Nxe5 Qe7 21. Rxf6 gxf6 22. Nxg6+ hxg6 23. Nb5 Nc6 24. Bf3 Re8 25. Nxd6 {
Librelato,K (2171)-Filgueiras,N (2356) Criciuma-SC 2023 1/2-1/2 (78)}) 11. Na3
({RR} 11. Kh1 a6 12. Na3 Nd7 13. Qd2 f5 14. exf5 Bxf5 15. Bd3 Be6 16. Be4 Nf6
17. Bd5 Qd7 18. Rad1 Kh8 19. Bxe6 Qxe6 20. Nd5 Ng4 21. Bb6 Qf5 22. Nxe7 Nxe7
23. f3 Nf6 24. Qxd6 Ng6 25. Be3) ({RR} 11. Qd2 Nd7 ({RR} 11... a6 12. f3 Nd4
13. Na3 Nxe2+ 14. Qxe2 Qc7 15. Nd5 Bxd5 16. cxd5 Nd7 17. Rfc1 Qb8 18. Nc4 Bd8
19. a4 b5 20. axb5 axb5 21. Na3 Bb6 22. Bxb6 Qxb6+ 23. Kf1 b4 24. Nc4 Qc5 25.
Qe3) 12. Na3 Nc5 13. f3 f5 14. exf5 Bxf5 15. Rfd1 Rf6 16. Nd5 Rg6 17. b4 Ne6
18. Nxe7+ Qxe7 19. Nb5 Ncd4 20. Nxd4 exd4 21. Bf2 d3 22. Bf1 Rxc4 23. Bg3 Rc2
24. Qe3 Qf6 25. Rab1) 11... Nd7 12. Rc1 $146 ({RR} 12. Nd5 Bg5 13. Nb5 Bxd5 14.
Bxg5 Qxg5 15. cxd5 Nd4 16. Nxd4 exd4 17. Bg4 Rc7 18. Bxd7 Rxd7 19. Qxd4 b6 20.
Rac1 h5 21. h3 f5 22. f4 Qd8 23. Rc6 fxe4 24. Qxe4 Qf6 25. Qe6+ Rff7 26. b3 h4
{Lagno,K (2550)-Gutmakher,O (2236) chess.com INT 2021 1-0 (32)}) 12... g6 13.
Nd5 Bg5 14. Nb5 Bxe3 15. fxe3 Qg5 16. Rf3 Rcd8 17. b4 Bxd5 18. cxd5 Nxb4 19.
Nxd6 Nxa2 20. Rc7 Nf6 21. Nxb7 Rc8 22. d6 Nc3 23. Qd3 Ncxe4 24. Rxc8 Rxc8 25.
d7 Nxd7 26. Qxd7 Rf8 27. Bc4 Nf6 28. Qe7 Ne4 29. Rxf7 Qxe7 30. Rxe7+ Kh8 31.
Rxe5 Nd2 32. Bb5 Rf7 33. Nd8 Rf6 34. Re7 a6 35. Be2 h5 36. Nf7+ Kg7 37. Ng5+
Kg8 38. Rd7 Rf5 39. h4 Nb1 40. Bxa6 Rc5 41. Rd8+ 1-0

[Event "II Criciúma Chess Open - A1700 - 12-18"]
[Site "Criciúma SC"]
[Date "2024.01.13"]
[Round "2.15"]
[White "Silva, Juliana Figueira Th"]
[Black "Frankental, David"]
[Result "1-0"]
[WhiteElo "1747"]
[BlackElo "1939"]
[PlyCount "157"]
[EventDate "2024.01.12"]
[EventRounds "9"]
[EventCountry "BRA"]

1. d4 d5 2. c4 e6 3. Nc3 Nf6 4. cxd5 exd5 5. Bg5 c6 6. e3 Nbd7 7. Bd3 Bd6 8.
Qc2 h6 9. Bh4 O-O 10. Nf3 Re8 11. O-O Qe7 12. e4 dxe4 13. Nxe4 Bb4 $146 ({RR} 
13... g5 14. Nxd6 Qxd6 15. Bg3 Qb4 16. a3 Qb6 17. Rfe1 Nf8 18. Be5 Nd5 19. Qd2
f6 20. Bd6 Bg4 21. Nh4 Kg7 22. Nf5+ Bxf5 23. Bxf5 Rad8 24. Bxf8+ Rxf8 25. Rad1
Rd6 26. Qe2 Rf7 27. g3 Ne7 28. Be6 {Sultana,S (2011)-Md.,S (2118) Tornelo INT
2021 0-1 (58)}) 14. a3 Ba5 15. b4 Bd8 16. Nfd2 Qf8 17. Bg3 Nxe4 18. Nxe4 Nf6
19. Nd6 Re6 20. Nxc8 Nh5 21. Be5 Bf6 22. Bf5 Qxc8 23. Bxe6 Qxe6 24. Rae1 Qg4
25. Qe4 Qxe4 26. Rxe4 Bxe5 27. dxe5 g6 28. Rd1 Ng7 29. Rd7 Ne6 30. Rxb7 a5 31.
g3 axb4 32. axb4 Ra4 33. Re1 c5 34. bxc5 Nxc5 35. Rb8+ Kg7 36. Rd8 g5 37. Rd5
Ne6 38. Kg2 Kg6 39. Rd7 Ra5 40. Kf3 Rb5 41. Re3 Ra5 42. h3 Rb5 43. Kg2 Ra5 44.
Re2 Rb5 45. f3 Ra5 46. Kf2 Rb5 47. Rd6 Kg7 48. Rd3 Rb4 49. Ke3 Rb5 50. f4 gxf4+
51. gxf4 Rb4 52. Rg2+ Kf8 53. Rg4 Nc5 54. Rc3 Rb5 55. Rg1 Ke7 56. Rgc1 Ne6 57.
Ke4 Rb4+ 58. Rc4 Rb2 59. R1c2 Rb1 60. Re2 Rf1 61. Ke3 Rh1 62. Kf3 Rxh3+ 63. Kg4
Rh1 64. Kg3 Rg1+ 65. Rg2 Rf1 66. Rh2 Rg1+ 67. Kf2 Rg4 68. Kf3 Rg6 69. f5 Ng5+
70. Kf4 Ra6 71. f6+ Kd7 72. Rxh6 Ne6+ 73. Ke4 Ng5+ 74. Kf5 Ne6 75. Rh3 Ra8 76.
Rd3+ Ke8 77. Rh4 Nf8 78. Rh8 Ra1 79. Rxf8+ 1-0

[Event "II Criciúma Chess Open - A1700 - 12-18"]
[Site "Criciúma SC"]
[Date "2024.01.13"]
[Round "2.16"]
[White "Lima, Kleyton Alcantara"]
[Black "Woichinevski, Joao Vinicius Peru"]
[Result "0-1"]
[WhiteElo "2119"]
[BlackElo "1747"]
[PlyCount "58"]
[EventDate "2024.01.12"]
[EventRounds "9"]
[EventCountry "BRA"]

1. e4 e5 2. Nf3 Nf6 3. Nxe5 d6 4. Nf3 Nxe4 5. d4 d5 6. Bd3 Bf5 7. O-O Be7 8. c4
c6 9. Qc2 Nd7 10. Nc3 Ndf6 11. Re1 O-O 12. a3 Re8 13. c5 $146 ({RR} 13. Ne5 Bd6
14. f3 Bxe5 15. dxe5 Rxe5 16. fxe4 Ng4 17. Bf4 Qb6+ 18. Kf1 dxe4 19. Nxe4 Re6
20. c5 Qd8 21. h3 Bxe4 22. Rxe4 Nf6 23. Rxe6 fxe6 24. Bg5 h6 25. Bxf6 Qxf6+ 26.
Kg1 Rf8 27. Rf1 Qd4+ {Rodriguez Vargas,S-Sanchez,A Buenos Aires 2004 1-0 (38)})
13... Bf8 14. Ne5 Bxc5 15. dxc5 Rxe5 16. f3 Nxc5 17. Rxe5 Bxd3 18. Qf2 Nb3 19.
Ra2 Nxc1 20. Ra1 Nb3 21. Rd1 Bg6 22. Kh1 Qb6 23. Qe2 Nd4 24. Qd2 Ne6 25. b4 Rd8
26. h3 h6 27. f4 Ne4 28. Qc1 Nf2+ 29. Kh2 Nxd1 0-1

[Event "II Criciúma Chess Open - A1700 - 12-18"]
[Site "Criciúma SC"]
[Date "2024.01.13"]
[Round "2.17"]
[White "Cardoso, Leandro Ubialli"]
[Black "Do Nascimento, Christian Almeida"]
[Result "0-1"]
[WhiteElo "1842"]
[BlackElo "2123"]
[PlyCount "60"]
[EventDate "2024.01.12"]
[EventRounds "9"]
[EventCountry "BRA"]

1. e4 e6 2. d4 d5 3. exd5 exd5 4. Nf3 Nc6 5. Bd3 Bd6 6. c3 Nge7 7. Qc2 Bg4 8.
Nbd2 Qd7 9. O-O O-O-O 10. b4 Ng6 11. h3 Be6 12. Nb3 Nce7 $146 ({RR} 12... Nf4
13. Bxf4 Bxf4 14. Rfe1 Rde8 15. Nc5 Qd6 16. Bf5 b6 17. Nxe6 fxe6 18. Bd3 e5 19.
dxe5 Nxe5 20. Nxe5 Bxe5 21. Rad1 g6 22. Qa4 Bh2+ 23. Kh1 Rxe1+ 24. Rxe1 Kb8 25.
c4 dxc4 26. Re8+ Rxe8 27. Qxe8+ {Kun,I (2075)-Baranyai,S (2236) Hungary 2004
1-0 (59)}) 13. Ng5 b6 14. a4 Kb8 15. b5 Nf4 16. Bxf4 Bxf4 17. Nxe6 Qxe6 18.
Rfe1 Qf6 19. a5 h5 20. axb6 cxb6 21. g3 Bd6 22. Qa2 Nc8 23. c4 dxc4 24. Bxc4 h4
25. Nc5 Bxc5 26. dxc5 hxg3 27. cxb6 Qxb6 28. Re3 Rxh3 29. Rae1 Rdh8 30. Kf1
gxf2 0-1

[Event "II Criciúma Chess Open - A1700 - 12-18"]
[Site "Criciúma SC"]
[Date "2024.01.13"]
[Round "2.18"]
[White "Ribeiro, Dionatan Lua Franze"]
[Black "Lage, Pedro Ferreira"]
[Result "1-0"]
[WhiteElo "1820"]
[BlackElo "2100"]
[PlyCount "57"]
[EventDate "2024.01.12"]
[EventRounds "9"]
[EventCountry "BRA"]

1. e4 e6 2. d4 d5 3. Nd2 c5 4. dxc5 Bxc5 5. Bd3 Nc6 6. Ngf3 Nf6 7. exd5 ({RR} 
7. Qe2 Qc7 8. O-O O-O 9. c4 h6 10. b3 Nh5 11. g3 Nb4 12. Bb1 Nxg3 13. hxg3
Qxg3+ 14. Kh1 Qh3+ 15. Nh2 Bd4 16. a3 Bxa1 17. axb4 f5 18. exf5 exf5 19. Qd3
Qxd3 20. Bxd3 Be6 21. Ndf3 Bc3 {Munoz Pantoja,M (2473)-Potkin,V (2597) Tallinn
2016 1-0 (53)}) 7... Nxd5 $146 ({RR} 7... Qxd5 8. O-O O-O {1/2-1/2 (8)
Mitrovic,M-Mladenovic,J (2133) Pirot 2004}) ({RR} 7... exd5 8. O-O O-O 9. c3
Bg4 10. Qa4 Qc7 11. h3 Bxh3 12. Qh4 Bd7 13. Nb3 Be7 14. Bf4 Qc8 15. Nbd4 Ne4
16. Qh2 Bf6 17. Nb5 Bf5 18. Rad1 Qd7 19. Rfe1 Nxf2 20. Bxf5 Qxf5 21. Nd6 Qg4
22. Kxf2 {Husarik,B (2125)-Pekarek,A (1870) Pardubice CZE 2019 1-0 (39)}) ({RR
} 7... exd5 8. Qe2+ Be7 9. O-O O-O 10. Nb3 Re8 11. c3 Bg4 12. Bc2 Qc7 13. Qd3
Bd6 14. h3 Bh5 15. Bg5 Ne4 16. Nbd2 Nxg5 17. Qxd5 Nxf3+ 18. Nxf3 Ne5 19. Nd4
Rad8 20. Ba4 Nf3+ 21. Nxf3 Bh2+ 22. Nxh2 {Rompel,M-Schnegelsberg,K (2076)
Kaufungen 2003 0-1}) ({RR} 7... exd5 8. O-O O-O 9. Nb3 Bb6 10. c3 h6 11. h3 Re8
12. Nbd4 Nxd4 13. Nxd4 Bxd4 14. cxd4 Qb6 15. b3 Bd7 16. a4 Ne4 17. Be3 Rac8 18.
Bxe4 Rxe4 19. Qd3 Ree8 20. Rfc1 Rxc1+ 21. Rxc1 Rc8 22. Rc5 {Grgurevic,B (2243)
-Galic,K (2107) Sibenik 2012 1/2-1/2 (34)}) 8. O-O O-O 9. a3 b6 10. b4 Be7 11.
Qe1 Bb7 12. Ne4 Nf6 13. Bb2 Qc7 14. Nxf6+ Bxf6 15. Qe4 Rfd8 16. Qxh7+ Kf8 17.
Bxf6 gxf6 18. Bg6 Nd4 19. Nh4 Rd5 20. f4 Rc8 21. Be4 Rd7 22. Bxb7 Qxb7 23. Rad1
Rcd8 24. Rde1 Qc6 25. c3 Qxc3 26. f5 e5 27. Rxe5 Nf3+ 28. Nxf3 fxe5 29. f6 1-0

[Event "II Criciúma Chess Open - A1700 - 12-18"]
[Site "Criciúma SC"]
[Date "2024.01.13"]
[Round "2.19"]
[White "Mariani, Daniel Brandao"]
[Black "Jenidarchiche, Douglas Rodrigo"]
[Result "1/2-1/2"]
[WhiteElo "2040"]
[BlackElo "1845"]
[PlyCount "26"]
[EventDate "2024.01.12"]
[EventRounds "9"]
[EventCountry "BRA"]

1. e4 e5 2. Nf3 Nc6 3. Bc4 Bc5 4. c3 Nf6 5. d4 exd4 6. cxd4 Bb4+ 7. Bd2 Nxe4 8.
Bxb4 Nxb4 9. Bxf7+ Kxf7 10. Qb3+ d5 11. Ne5+ Ke6 12. Qxb4 Qf8 13. Qxf8 Rxf8
1/2-1/2

[Event "II Criciúma Chess Open - A1700 - 12-18"]
[Site "Criciúma SC"]
[Date "2024.01.13"]
[Round "2.20"]
[White "Gomes, Maria Eduarda Papin"]
[Black "Martins Jr Sobrinho, Manuel De"]
[Result "1-0"]
[WhiteElo "1744"]
[BlackElo "2018"]
[PlyCount "119"]
[EventDate "2024.01.12"]
[EventRounds "9"]
[EventCountry "BRA"]

1. d4 d5 2. c4 e6 3. cxd5 exd5 4. Nc3 Nf6 5. Bg5 Be7 6. e3 O-O 7. Bd3 c6 8.
Nge2 Ne4 9. Bf4 ({RR} 9. Bxe7 Qxe7 10. Bxe4 dxe4 11. Qc2 f5 12. O-O Be6 13.
Rfc1 Na6 14. Na4 Nb4 15. Qc5 Rf7 16. b3 Nd3 17. Qxe7 Rxe7 18. Rc3 a5 19. a3 Kf7
20. Nc1 Nxc1 21. Raxc1 g5 22. Nb6 Ra6 23. Nc4 Bxc4 {Zilka,S (2463)-Jakubowski,
K (2497) Czechia 2009 1/2-1/2 (60)}) 9... f5 10. Qc2 ({RR} 10. f3 Nd6 11. Qc2
Be6 12. Bg3 a5 13. Na4 Kh8 14. Nc5 Bc8 15. Nf4 Re8 16. O-O Bh4 17. Rae1 Bxg3
18. hxg3 b6 19. Na4 Ra7 20. Kf2 Rf7 21. Rh1 Kg8 22. a3 Rf6 23. b4 axb4 24. axb4
Nd7 {Beliavsky,A (2514)-Brumen,D (2329) Mali Losinj CRO 2021 1-0 (45)}) 10...
Bd6 $146 ({RR} 10... Be6 11. f3 Nd6 12. O-O-O b5 13. g4 Na6 14. Bxd6 Bxd6 15.
Bxf5 Bxf5 16. gxf5 Qg5 17. Qd2 Rae8 18. e4 Qxd2+ 19. Kxd2 b4 20. Na4 dxe4 21.
fxe4 Rxe4 22. Kd3 Rfe8 23. Ng3 Re3+ 24. Kc4 Nc7 25. Rhg1 {Johansen,T (2240)
-Ogaard,L (2390) Stavanger 1997 0-1}) ({RR} 10... Nd7 11. f3 Nxc3 12. bxc3 Nb6
13. O-O Be6 14. e4 Qd7 15. Ng3 fxe4 16. fxe4 dxe4 17. Bxe4 h6 18. Nh5 Bf5 19.
Bxh6 Qe6 20. Rxf5 Qxh6 21. Ng3 Rxf5 22. Nxf5 Qe6 23. Qe2 Bf6 24. Re1 Rd8 25.
Qf2 {Volzhin,A (2569)-Kroencke,M (2175) Bad Wiessee 1999 1-0}) ({RR} 10... g5
11. Bg3 Bd6 12. f3 Nxc3 13. bxc3 Be6 14. h4 Bxg3+ 15. Nxg3 gxh4 16. Nh5 Na6 17.
Nf4 Bd7 18. Qf2 Re8 19. Kd2 b5 20. Rxh4 Re7 21. Rah1 b4 22. Qg3+ Kf8 23. Ng6+
Ke8 24. Rxh7 bxc3+ 25. Ke2 {Burriel Rosello,C (2159)-Fernandes Domingos,F
Benidorm 2012 1-0}) 11. h3 Be6 12. Bxd6 Qxd6 13. Nf4 Bf7 14. g4 Re8 15. O-O-O
g5 16. Ng2 Nd7 17. gxf5 Ndf6 18. Rdg1 Kf8 19. h4 g4 20. Nf4 Qd7 21. Ne6+ Bxe6
22. fxe6 Qxe6 23. Nxe4 dxe4 24. Bc4 Qf5 25. Qb3 b5 26. Be2 h5 27. Kb1 Kg7 28.
Rg2 Qe6 29. Qxe6 Rxe6 30. Rc1 Nd5 31. Rc5 Rd8 32. Kc1 Kh6 33. Kd2 Ne7 34. Bd1
Ng6 35. Kc3 Rf8 36. Rxh5+ Kxh5 37. Bxg4+ Kh6 38. Bxe6 Rf6 39. Bb3 Ne7 40. Bc2
Nd5+ 41. Kd2 Re6 42. Rg4 Nf6 43. Rf4 b4 44. Bb3 Rd6 45. Ke2 Kg7 46. f3 exf3+
47. Kxf3 Rd8 48. Ke2 Kg6 49. Bc2+ Kg7 50. Rf5 Re8 51. Kf3 Nd5 52. e4 Nb6 53.
Bb3 Rd8 54. Ke3 Kg6 55. h5+ Kh6 56. e5 a5 57. Rf6+ Kxh5 58. Rxc6 Rb8 59. e6 a4
60. Rxb6 1-0

[Event "II Criciúma Chess Open - A1700 - 12-18"]
[Site "Criciúma SC"]
[Date "2024.01.13"]
[Round "2.21"]
[White "Goncalves, Nata"]
[Black "De Oliveira, Jairo Quintiliano"]
[Result "1-0"]
[WhiteElo "1998"]
[BlackElo "1840"]
[PlyCount "105"]
[EventDate "2024.01.12"]
[EventRounds "9"]
[EventCountry "BRA"]

1. e4 {Wedberg,T} e5 2. Nf3 Nc6 3. Bb5 a6 4. Ba4 Nf6 5. O-O Be7 6. Re1 b5 7.
Bb3 d6 8. c3 O-O 9. h3 Na5 10. Bc2 c5 11. d4 Qc7 12. d5 Nc4 13. b3 Nb6 14. a4
bxa4 ({RR} 14... Bd7 15. a5 Nc8 16. c4 ({RR} 16. b4 c4 17. Nbd2 Bd8 ({RR} 17...
g6 18. Nf1 Nh5 19. Bh6 Re8 ({RR} 19... Ng7 20. Ng3 Bd8 21. Qd2 Kh8 22. Rad1 f6
23. Nh2 Ne7) 20. Qd2 Bf8 21. Ng3 Nxg3 22. fxg3 Ne7 23. Rf1) 18. Nf1 Ne8 19. g4
Ne7 20. Ng3 Kh8 21. Kh2 Ng8 22. Rg1 g6 23. Be3 Ng7 24. Nd2 Bf6 25. Qf3) 16...
g6 17. Nc3 Nh5 18. Ne2 Re8 ({RR} 18... f5 19. Bh6 Ng7 20. exf5 gxf5 21. Ng5)
19. Ra2 Bf8 20. g4 Ng7 21. Ng3 f6 22. Nh2 Re7 23. h4 Rf7 24. f4 exf4 25. Bxf4
Qd8 26. Rf1 Qe7 27. h5 Ne8 28. Bd3 Bg7 29. Kg2 {Topalov,V (2735)-Shirov,A 
(2736) Linares 2004 CBM 100 [Wedberg,T] 1-0 (45)}) 15. bxa4 Nc4 16. Qd3 ({RR} 
16. Qe2 Na5 17. Nbd2 c4 ({RR} 17... Nd7 18. c4 Rb8 19. Nf1 Nb3 20. Bxb3 Rxb3
21. Qc2 Qb8 22. Bd2 Rb2 23. Qd3 g6 24. Bh6 Re8 25. Rab1 Bd8 26. Ng5 Nf8 27.
Rxb2 Qxb2 28. Rb1 Qa2 29. Rb8 Be7 30. Ra8 Qb2 31. Ra7 Qb6 32. Qf3) 18. Ba3 Bb7
19. Rab1 Rab8 20. Bb4 Rfc8 21. Bxa5 Qxa5 22. Rb4 Nd7 23. Reb1 Ba8 24. Nxc4 Qc5
25. Bd3 Qc7 26. a5 Rxb4 27. cxb4 Qa7 28. Ne3 Bb7 29. Qe1 g6 30. Bc2 Qb8 {
Lima,K (2119)-De Oliveira,J (1840) Florianopolis 2024 1-0 (57)}) 16... Na5 17.
Nbd2 $146 ({RR} 17. c4 Nh5 18. Nc3 f5 19. exf5 Bxf5 20. Ne4 Bg6 21. Qc3 Nf4 22.
Bd2 Nb7 23. Nfg5 Bxg5 24. Nxg5 Qe7 25. Bxf4 Rxf4 26. Ne6 Rf6 27. Bxg6 Rxg6 28.
f4 exf4 29. Nxf4 Qf6 30. Qd2 Rg3 31. Rab1 Na5 {Rytshagov,M (2461)-Nyysti,S 
(2358) Jyvaskyla 2004 1/2-1/2 (57)}) ({RR} 17. c4 Rb8 18. Bd2 Bd7 19. Ra3 Rb7
20. Bc3 Rfb8 21. Nbd2 Nh5 22. Qe3 Nf4 23. h4 Bd8 24. g3 Nh5 25. Nh2 Qc8 26. Bd1
Nf6 27. f4 exf4 28. gxf4 Rb4 29. e5 Nxc4 30. Nxc4 Nxd5) 17... Rb8 18. Ra3 c4
19. Qe2 Nd7 20. Nf1 Nc5 21. g4 Bd7 22. Kg2 Rfc8 23. Ng3 Nab3 24. Qxc4 Nxc1 25.
Rxc1 Qa5 26. Qa2 g6 27. Ne1 Bg5 28. Rd1 Rc7 29. Nd3 Nxd3 30. Rxd3 Rcb7 31. Rb3
Bb5 32. Rf3 Bc4 33. Rxb7 Bxa2 34. Rxb8+ Bd8 35. Bd3 Qc7 36. Ra8 a5 37. Bb5 Kf8
38. c4 Ke7 39. Ra6 Qb7 40. g5 Bc7 41. h4 Bb1 42. Rc6 Bb6 43. h5 Bc2 44. Rf6 Bc5
45. Ba6 Qa7 46. hxg6 hxg6 47. Bb5 Bd1 48. f3 Bg1 49. Kh3 Qf2 50. Rc7+ Kd8 51.
Rd7+ Kc8 52. Rfxf7 Qh2+ 53. Kg4 1-0

[Event "II Criciúma Chess Open - A1700 - 12-18"]
[Site "Criciúma SC"]
[Date "2024.01.13"]
[Round "2.22"]
[White "Dias, Clara"]
[Black "Cunha E Silva, Carlos Alberto V."]
[Result "1-0"]
[WhiteElo "1717"]
[BlackElo "1984"]
[PlyCount "63"]
[EventDate "2024.01.12"]
[EventRounds "9"]
[EventCountry "BRA"]

1. e4 {Szabo,Kr} c5 2. Nf3 d6 3. d4 cxd4 4. Nxd4 Nf6 5. Nc3 a6 6. h3 e6 ({RR} 
6... e5 7. Nb3 Be6 8. f4 Nbd7 9. g4 Rc8 10. f5 Bxb3 11. axb3 Rxc3 ({RR} 11...
d5 12. exd5 Bb4 13. Bg2 Qb6 14. Bd2 e4 15. Qe2) 12. bxc3 Nxe4 13. h4 Be7 14. g5
Qb6 15. Qf3 d5) 7. g4 Be7 8. g5 Nfd7 9. h4 b5 10. Be3 Bb7 11. a3 Nc6 12. Rg1 ({
RR} 12. Qd2 O-O 13. O-O-O Nc5 ({RR} 13... Nxd4 14. Bxd4 Rc8 15. Rg1 Ne5 16. Qe3
Nc4 17. Bxc4 Rxc4 18. f4 Re8 19. f5 Bf8 20. f6) ({RR} 13... Rc8 14. Nxc6 Rxc6
15. Kb1 Ne5 16. Rh3 Nc4 17. Qe1 Qa5 18. Bxc4 Rxc4 19. Nd5 Qd8 20. Bb6 Qd7 21.
Nxe7+ Qxe7 22. Re3) 14. f3 Rb8 15. Rg1 Qc7 16. b4 ({RR} 16. Kb1) ({RR} 16. h5)
16... Nd7 ({RR} 16... Ne5 17. f4 ({RR} 17. bxc5 dxc5) 17... Rbd8) 17. Ndxb5
axb5 18. Nxb5 Qc8 19. Nxd6 Bxd6 20. Qxd6 Rd8 21. b5 Nde5 22. Qc5 Rxd1+ 23. Kxd1
Nxf3 24. bxc6 Bxc6 25. Rg3 Rb1+ ({RR} 25... Qd8+ 26. Ke2 ({RR} 26. Bd3 Bxe4 27.
Ke2 Bxd3+ 28. cxd3 Nxh4) 26... Bxe4 27. Rxf3 Rb1) 26. Ke2 Qa6+ {Anand,V (2779)
-Giri,A (2771) London 2016 CBM 176 [Szabo,Kr] 1/2-1/2 (37)} ({RR} 26... Nxh4))
12... Nde5 $146 ({RR} 12... O-O 13. Nxc6 Bxc6 14. h5 Qb8 15. h6 g6 16. Qd4 e5
17. Qd2 Rd8 18. Nd5 Bxd5 19. exd5 Qb7 20. O-O-O Rdc8 21. f4 Bf8 22. Kb1 a5 23.
Rg4 b4 24. a4 b3 25. c3 Nc5 26. fxe5 dxe5 27. Bb5 {Vignesh,N (2473)-Nitin,S 
(2395) Kolkata IND 2019 1-0 (49)}) ({RR} 12... Rc8 13. f4 O-O 14. h5 Na5 15. h6
g6 16. f5 exf5 17. exf5 Re8 18. Kf2 Nc4 19. Bxc4 Rxc4 20. Nf3 Qc8 21. Nd5 Bd8
22. c3 Ne5 23. fxg6 fxg6 24. Nxe5 Rxe5 25. Nf4 Bb6 26. Bd4 Bxd4+ 27. cxd4 {
Buksa,N (2417)-Krasteva,B (2217) Struga MKD 2021 0-1}) ({RR} 12... Nc5 13. f3
Qc7 14. Nxc6 Bxc6 15. Qd4 O-O 16. O-O-O Rfd8 17. h5 d5 18. exd5 exd5 19. Bh3
Ne6 20. Bxe6 fxe6 21. Bf4 Bd6 22. Bxd6 Qxd6 23. Rde1 Rd7 24. Re5 Rf8 25. Rge1
Re7 26. h6 Rff7 27. hxg7 {Subhayan,K (2093)-Aaryan,V (2286) Ahmedabad IND 2018
1-0 (39)}) 13. f4 Nc4 14. Bxc4 bxc4 15. Nxc6 Bxc6 16. Qd4 O-O 17. Qxc4 Bb7 18.
h5 Qd7 19. Qd4 f6 20. h6 g6 21. O-O-O Rac8 22. gxf6 Rxf6 23. e5 Rf7 24. exd6
Bf6 25. Qb4 Qc6 26. Bd4 a5 27. Qxa5 Qxd6 28. Be5 Qf8 29. Bxf6 Rxf6 30. Rd7 Rf7
31. Rxf7 Qxf7 32. Qe5 1-0

[Event "II Criciúma Chess Open - A1700 - 12-18"]
[Site "Criciúma SC"]
[Date "2024.01.13"]
[Round "2.23"]
[White "Pedroso, Denian"]
[Black "Spritzer, Abrao Rafael"]
[Result "1-0"]
[WhiteElo "1924"]
[BlackElo "1811"]
[PlyCount "49"]
[EventDate "2024.01.12"]
[EventRounds "9"]
[EventCountry "BRA"]

1. e4 Nf6 2. e5 Nd5 3. c4 Nb6 4. d4 d6 5. f4 dxe5 6. fxe5 Nc6 7. Be3 Bf5 8. Nc3
e6 9. Be2 Bb4 10. Nf3 O-O 11. O-O Bxc3 12. bxc3 Na5 13. c5 Nd5 14. Bd2 Nc6 15.
Qb3 Rb8 16. Rad1 $146 ({RR} 16. c4 Nde7 17. Be3 b6 18. cxb6 axb6 19. Rad1 Be4
20. Qc3 Ra8 21. a3 Ra5 22. Ng5 Bg6 23. Bf3 Qd7 24. Bg4 h6 25. Nh3 Bf5 26. Bf3
Bxh3 27. gxh3 Ng6 28. Be4 Nce7 29. Rd2 Qa4 30. Rg2 Qxa3 {Pichot,A (2522)
-Valerga,D (2482) Buenos Aires 2015 1/2-1/2 (46)}) 16... Bg4 17. Bg5 Nde7 18.
h3 Bh5 19. Bb5 h6 20. Bh4 Qd5 21. c4 Qe4 22. Rde1 Qg6 23. d5 Nf5 24. Bf2 Ng3
25. Nh4 1-0

[Event "II Criciúma Chess Open - A1700 - 12-18"]
[Site "Criciúma SC"]
[Date "2024.01.13"]
[Round "2.24"]
[White "Schena, Arthur"]
[Black "Pereira, Marcelo Do Carmo"]
[Result "1-0"]
[WhiteElo "1878"]
[BlackElo "1742"]
[PlyCount "69"]
[EventDate "2024.01.12"]
[EventRounds "9"]
[EventCountry "BRA"]

1. Nf3 Nf6 2. g3 d5 3. Bg2 c5 4. O-O Nc6 5. d3 Bg4 6. Nbd2 Qd7 7. c3 Bh3 8. e4
Bxg2 9. Kxg2 dxe4 10. dxe4 e6 $146 ({RR} 10... O-O-O 11. Qa4 e6 12. Re1 Be7 13.
a3 Ng4 14. Nc4 Nce5 15. Qxd7+ Nxd7 16. h3 Ngf6 17. b4 h6 18. Bf4 Ne8 19. Na5 g5
20. Be3 f6 21. Rab1 Rh7 22. Nxb7 Kxb7 23. bxc5+ Ka6 24. Red1 e5 25. Rb4 {
Meyer,W-Krueger,B Waldshut 2002 1-0 (60)}) 11. Qe2 Be7 12. Nc4 O-O 13. Rd1 Qc8
14. Bf4 Rd8 15. Nd6 Bxd6 16. Bxd6 b6 17. e5 Nd5 18. c4 Nde7 19. g4 Ng6 20. Qe4
Qb7 21. Kg3 Rd7 22. h4 Na5 23. Qe2 Rad8 24. h5 Nf8 25. h6 f5 26. Nh4 gxh6 27.
gxf5 Rg7+ 28. Kh2 exf5 29. Rg1 Qf7 30. Rxg7+ Kxg7 31. Be7 Ne6 32. Rg1+ Ng5 33.
Bxd8 Kf8 34. Bxg5 hxg5 35. Rxg5 1-0

[Event "II Criciúma Chess Open - A1700 - 12-18"]
[Site "Criciúma SC"]
[Date "2024.01.13"]
[Round "2.25"]
[White "Mariano, Kaiki Pereira"]
[Black "Torella, Rodolfo"]
[Result "1-0"]
[WhiteElo "1700"]
[BlackElo "1878"]
[PlyCount "99"]
[EventDate "2024.01.12"]
[EventRounds "9"]
[EventCountry "BRA"]

1. c4 e6 2. Nf3 d5 3. d4 Nf6 4. g3 Bb4+ 5. Bd2 Be7 6. Bg2 O-O 7. O-O c6 8. Qc2
Nbd7 9. Bf4 Nh5 10. Bc1 b6 ({RR} 10... f5 11. e3 Bd6 12. b3 Qe7 13. a4 a5 14.
Ba3 Bxa3 15. Nxa3 Nhf6 16. Qb2 b6 17. Rfc1 Ba6 18. cxd5 cxd5 19. Nb5 Rac8 20.
Na7 Rxc1+ 21. Rxc1 Nb8 22. Nc6 Qd6 23. Nfe5 Rc8 24. Nxb8 Qxb8 25. Bf1 {Nguyen,
N (2649)-Zhang,Z (2633) Ho Chi Minh City 2016 1/2-1/2}) 11. Nbd2 Bb7 12. e4
dxc4 $146 ({RR} 12... Rc8 13. Qd3 Ba6 14. b3 c5 15. Qe2 dxc4 16. Nxc4 Nhf6 17.
e5 Nd5 18. Bb2 b5 19. Ne3 N7b6 20. dxc5 Bxc5 21. Nxd5 Nxd5 22. h4 h6 23. a3 Qd7
24. Nd2 Be7 25. Ne4 Rc6 26. Rfd1 Rfc8 27. Qg4 {Nielsen,V (2254)-Andre,G (2381)
Helsingor DEN 2019 1/2-1/2 (60)}) 13. Nxc4 c5 14. Rd1 cxd4 15. Nxd4 Rc8 16. Qe2
Nhf6 17. b3 Ba6 18. Bb2 b5 19. Ne3 Qa5 20. f4 b4 21. Qe1 Nc5 22. e5 Nd5 23.
Bxd5 exd5 24. Nxd5 Rfe8 25. Qxb4 Qxb4 26. Nxb4 Bb7 27. Nf5 Bf3 28. Nxe7+ Rxe7
29. Rdc1 Bb7 30. Bd4 Rec7 31. Bxc5 Rxc5 32. Rxc5 Rxc5 33. Rd1 g5 34. Rd8+ Kg7
35. Rd7 Bc8 36. Rxa7 Bh3 37. a4 Be6 38. Kf2 Bxb3 39. a5 gxf4 40. gxf4 Rc4 41.
Nd3 Rc2+ 42. Ke3 Rxh2 43. Nc5 Bd5 44. e6 Kf8 45. Rxf7+ Ke8 46. f5 Rh5 47. Kd4
Bc6 48. Ke5 Rh1 49. Rc7 Bb5 50. Rc8+ 1-0